书目信息 |
| 题名: |
世界古代神话
|
|
| 作者: | 克雷默(Kramer,S.N.) 著 ;魏庆征 译 | |
| 分册: | ||
| 出版信息: | 北京 华夏出版社 1989.3 |
|
| 页数: | 531页 | |
| 开本: | 21cm | |
| 丛书名: | 二十世纪文库 | |
| 单 册: | ||
| 中图分类: | I106.7 | |
| 科图分类: | ||
| 主题词: | 神话-文学研究--世界--选集 , 文学研究-神话--世界--选集 | |
| 电子资源: | ||
| ISBN: | 7-80053-172-4 | |
| 000 | 00958nam2 2200301 45 | |
| 001 | 0189000125 | |
| 005 | 20030101235401.9 | |
| 010 | @a7-80053-172-4@dCNY9.85 | |
| 020 | @aCN@b89000125 | |
| 100 | @a19900806d1989 m y0chiy0120 ea | |
| 101 | 1 | @achi@ceng |
| 102 | @aCN@b110000 | |
| 105 | @ay z 000zy | |
| 106 | @ar | |
| 200 | 10 | @a世界古代神话@Ashi jie gu dai shen hua@f(美)克雷默(Kramer,S.N.)等著@F( mei ) ke lei mo (Kramer,S.N.) deng zhu@g魏庆征译 |
| 210 | @a北京@c华夏出版社@d1989.3 | |
| 215 | @a531页@d21cm | |
| 225 | 2 | @a二十世纪文库@f邓朴方主编 |
| 410 | 0 | @120010@a二十世纪文库 |
| 510 | 1 | @aMythologies of the ancient world@zeng |
| 540 | 1 | @a神话@Ashen hua |
| 606 | @a神话-文学研究@y世界@x选集 | |
| 606 | @a文学研究-神话@y世界@x选集 | |
| 690 | @aI106.7@v1980 | |
| 701 | 0 | @a克雷默(Kramer,S.N.)@Ake lei mo (Kramer,S.N.)@4著 |
| 702 | 0 | @a魏庆征@Awei qing zheng@4译 |
| 801 | 0 | @aCN@bNLC@c19900806 |
| 905 | @f1@b257500@dI106.7@e76 | |
| 世界古代神话/(美)克雷默(Kramer,S.N.)等著/魏庆征译.-北京:华夏出版社,1989.3 |
| 531页;21cm.-(二十世纪文库/邓朴方主编) |
| ISBN 7-80053-172-4:CNY9.85 |
| ● |
| 相关链接 |
|
|
|
|
正题名:世界古代神话
索取号:I106.7/76
 
预约/预借
| 序号 | 登录号 | 条形码 | 馆藏地/架位号 | 状态 | 备注 |
| 1 | 0257499 | 000218703 | 第一样本阅览室/ [索取号:I106.7/76] | 在馆 | |
| 2 | 0257500 | 000218712 | 第二借阅区/ [索取号:I106.7/76] | 在馆 |